| 000 | 01159nam a22002295i 4500 | ||
|---|---|---|---|
| 001 | 167432 | ||
| 003 | ES-MaACL | ||
| 005 | 20250930063149.0 | ||
| 008 | 960320m18581861sp a |||| | spa d | ||
| 040 |
_aCLM _bspa _cCCPB | SIC |
||
| 100 | 1 |
_aVidal, Auguste-Théodore, _d1803-1856 _9155053 |
|
| 245 | 1 | 0 |
_aTratado de patologia esterna [sic] y de medicina operatoria _b: con resúmenes de anatomia de los tejidos y de las regiones / _cPor Aug. Vidal (de Casis) ; traducido de la última edición revisada, corregida y aumentada por el mismo autor con 600 grabados intercalados en el testo [sic] bajo la dirección de Ignacio Oliva. |
| 260 |
_aMadrid : _bImprenta de Gaspar y Roig, editores, _c1858-1861. |
||
| 300 |
_a6 v. : _bil. ; _c22 cm. |
||
| 597 | _aVol. I (554 p.) -- Vol. II (559 p.) -- Vol. III ( 567 p.) -- Vol. IV ( 658 p.) --Vol. V (653 p.) -- Vol. VI. (648 p.) | ||
| 650 | 4 |
_aPatología. _915884 |
|
| 650 | 7 |
_aCirugía _2embne _911050 |
|
| 650 | 7 |
_aAnatomía humana _2embne _99801 |
|
| 700 | 1 |
_aOliva, Ignacio. _9130616 |
|
| 852 |
_aES-MaACL _jG-14781-83 _z-- Enc. pasta española _z-- Enc. 6 t. en 3 v. |
||
| 999 |
_c167432 _d167432 |
||